00843nam a2200265Ia 4500001000900000003000500009005001700014008004100031020001800072040000900090082002000099245007600119250001100195260003900206300001100245440003200256503000800288504002800296650004200324650002800366650003700394650002300431700004900454710007400503dia_5088CHAP20251021153720.0220601s9999 xx 000 0 und d a0-8031-2068-0 cCHAP a664.07 S46 1996 aSensory testing methods / edición Edgar Chambers IV y Mona Baker Wolf a2a ed. aEstados Unidos de América : ASTM a115 p. aASTM Manual series ; MNL 26 aC/e aIncluye bibliografías a1. Sentidos y sensaciones -- Pruebas  aEvaluación sensorial  aSenses and sensation -- Testing  aSensory evaluation aChambers, Edgar, ed. \ Wolf, Mona Baker, ed. aASTM Committee E18 on Sensory Evaluation of Materials and ProductsÌ